|
|
|
|
| LEADER |
00000nam a22000007a 4500 |
| 005 |
20210430213215.0 |
| 007 |
cr|||| |||| |
| 008 |
210430s2015 co |||||s|||| 00||0 spa d |
| 020 |
|
|
|a 978-958-665-361-9
|
| 035 |
|
|
|a 33215
|
| 040 |
|
|
|a vLex
|
| 090 |
|
|
|c 11579
|d 11579
|
| 100 |
1 |
|
|a Bonilla Maldonado, Daniel
|
| 245 |
1 |
0 |
|a Geopolt̕ica del conocimiento jurd̕ico
|h [Recurso electrn̤ico] /
|c Daniel Bonilla Maldonado
|
| 256 |
|
|
|a Servicio en ln̕ea
|
| 260 |
|
|
|a Bogot:̀
|b Siglo del Hombre Editores,
|c 2015
|
| 300 |
|
|
|a 1 recurso electrn̤ico
|
| 500 |
|
|
|a El anl̀isis de la economa̕ polt̕ica del conocimiento jurd̕ico pone en evidencia que el conocimiento jurd̕ico es una forma de poder que tiene dinm̀icas propias e importantes implicaciones prc̀ticas. El conjunto de normas y actividades que componen esta economa̕ polt̕ica determina cuestiones como cul̀es son los objetos de estudio que se consideran valiosos en las facultades de derecho; cul̀es son los contextos de produccin̤ de conocimiento jurd̕ico que se imaginan ricos o pobres; cul̀ es la direccin̤ que toma el intercambio de productos jurd̕icos en un mundo globalizado, y cm̤o se describen los aportes que hacen los pas̕es del Norte y del Sur global a las tradiciones dominantes.
|
| 506 |
1 |
|
|a Disponible solo en los productos indicados
|d vLex Global
|d vLex Global (Academic Edition, excluding Law Schools)
|d vLex Global (U.S. Academic Edition, Law Schools)
|d vLex Global (U.S. Academic Edition, excluding Law Schools)
|d vLex Global (Academic Edition, Law Schools)
|
| 650 |
0 |
4 |
|a Derecho Constitucional
|z Colombia
|
| 740 |
0 |
|
|a vLex Libros (Servicio en ln̕ea)
|
| 856 |
4 |
0 |
|u https://vlex.com/source/geopolitica-del-conocimiento-juridico-33215
|z Acceso restringido
|
| 942 |
|
|
|c BOOK
|
| 999 |
0 |
|
|a Constitutional right
|